| 000 | 00730nam a2200217 a 4500 | ||
|---|---|---|---|
| 005 | 20210223125536.0 | ||
| 008 | 041118s2000 mx r 000 0 spa d | ||
| 020 | _a9688429686 | ||
| 035 | _aUPN01000136452 | ||
| 049 | _aCG | ||
| 050 | 4 |
_aHC135 _bG4.7 |
|
| 245 | 0 | 0 |
_aGlobalización y regiones en México / _ccoord. Rocío Rosales Ortega. |
| 260 |
_aMéxico : _bUNAM : _bM. A. Porrúa, _c2000. |
||
| 300 | _a439 p. | ||
| 650 | 4 |
_aAJUSTE ESTRUCTURAL (POLITICA ECONOMICA) - _zMEXICO _91979 |
|
| 650 | 4 |
_aDESCENTRALIZACION EN EL GOBIERNO - _zMEXICO _912462 |
|
| 650 | 4 |
_aREGIONALISMO - _zMEXICO _924558 |
|
| 650 | 4 |
_aGLOBALIZACION - _xASPECTOS SOCIALES - _zMEXICO _9914 |
|
| 700 | 1 |
_aRosales Ortega, Rocío, _ecoord. |
|
| 905 | _aLibro | ||
| 999 |
_c108603 _d108603 |
||